000 00702nam a2200289Ia 4500
005 20260324122518.0
008 008 260324s9999 xx 000 0 eng d
020 _a9781315598413
037 _aEBOOK
040 _aCRL
040 _beng
040 _cCRL
041 _2eng
041 _aeng
084 _qCRL
100 _aDonna Seto
_91166728
245 0 _aNo Place for a War Baby
245 4 _bThe Global Politics of Children born of Wartime Sexual Violence
260 _bTaylor and Francis
260 _c2013
365 _a
365 _b230
856 _uhttp://www.taylorfrancis.com/books/9781315598413
942 _cEBOOK
999 _c1759543
_d1759543